000 00362nam a2200145Ia 4500
008 230312s9999||||xx |||||||||||||| ||und||
020 _a81-239-0973-X
082 _a720.19
_bGRO-B
100 _aGrover;Satish
245 0 _aBuddhist and hindu archirecture in india
260 _bSatish Kumar
_aUK
_c2015
300 _a237
650 _aArchitecture
942 _cBK
999 _c11813
_d11813